| 000 | 00677nam a22002297a 4500 | ||
|---|---|---|---|
| 999 |
_c5909 _d5909 |
||
| 003 | AR-CdUCM | ||
| 008 | 190313b ||||| |||| 00| 0 spa d | ||
| 040 |
_aMUNICIPALIDAD PROVINCIAL DEL CUSCO _cBIBLIOTECA MUNICIPAL DEL CUSCO |
||
| 082 |
_a869.5608 / _bL68 |
||
| 245 | _aLiteratura Cusqueña Contemporanea / | ||
| 260 |
_aCusco : _bConsejo Provincial del Cusco, _bTarea, _c1984. |
||
| 300 |
_a124 páginas ; _c21cm. |
||
| 440 |
_aWanak'auri ; _n1 _917403 |
||
| 500 | _aPoesias | ||
| 650 |
_aPoesías Cusqueñas _96460 |
||
| 650 |
_aPerú _935 |
||
| 650 |
_aSiglo XX _98 |
||
| 650 |
_aLiteratura _983 |
||
| 650 |
_aRomanticismo _9518 |
||
| 942 |
_2ddc _cLIBROS |
||
| 945 | _apjha | ||